Bytový dom
Na minha lista:
| Autor principal: | |
|---|---|
| Outros Autores: | |
| Formato: | Manuscrito Livro |
| Idioma: | eslovaco |
| Publicado em: |
2025
|
| Assuntos: | |
| Acesso em linha: | http://is.stuba.sk/zp/portal_zp.pl?podrobnosti=175707 CRZP |
| Tags: |
Sem tags, seja o primeiro a adicionar uma tag!
|
MARC
| LEADER | 00000ntm a22000003a 4500 | ||
|---|---|---|---|
| 001 | stuzp105479 | ||
| 003 | SK-STU | ||
| 005 | 20250729113511.3 | ||
| 007 | ta | ||
| 008 | 150427s2015----xo-----f-mn---000-0-slo-d | ||
| 040 | |a STU |b slo | ||
| 041 | 0 | |a slo | |
| 100 | 1 | |a Martini, Bruno |u 010270 |4 aut |U SvF Stavebná fakulta |T SvF Katedra technológie stavieb |X 121187 |U V270 |Y 28 |7 121187 | |
| 242 | 0 | 1 | |a Flat house |y eng |
| 245 | 1 | 0 | |a Bytový dom |
| 260 | |c 2025 | ||
| 650 | 4 | |a Bytový dom |2 slo | |
| 650 | 4 | |a kontaktný zatepľovací systém |2 slo | |
| 650 | 4 | |a projekt organizácie výstavby |2 slo | |
| 650 | 4 | |a technologický predpis |2 slo | |
| 650 | 4 | |a technológia |2 slo | |
| 650 | 4 | |a construction organization project |2 eng | |
| 650 | 4 | |a technological prescription |2 eng | |
| 650 | 4 | |a technology |2 eng | |
| 650 | 4 | |a Residential building |2 eng | |
| 650 | 4 | |a contact thermal insulation system |2 eng | |
| 700 | 1 | |a Petro, Marek |u 010270 |k Z8 |4 ths |U SvF Stavebná fakulta |T SvF Katedra technológie stavieb |X 18958 |U V270 |Y 28 |7 A000018958 | |
| 856 | 4 | |u http://is.stuba.sk/zp/portal_zp.pl?podrobnosti=175707 | |
| 856 | 4 | |u https://opac.crzp.sk/?fn=detailBiblioForm&sid=0E3CFF6F9736DEA12638F7811818 |z CRZP | |